[Event "Niedersachsen-ch B"]
[Site "Verden"]
[Date "2010.01.03"]
[Round "1.32"]
[White "Hartogh, Theo"]
[Black "Pollmann, Sascha"]
[Result "0-1"]
[WhiteElo "1833"]
[BlackElo "2025"]
[PlyCount "100"]
[EventDate "2010.01.??"]
[EventType "swiss"]
[EventRounds "7"]
[EventCountry "GER"]
[SourceDate "2005.10.24"]

1. c4 g6 2. g3 Bg7 3. Bg2 Nf6 4. Nc3 O-O 5. e4 d6 6. d4 Nc6 7. Nf3 Bg4 8. Be3
e5 9. d5 Nd4 10. O-O c5 11. dxc6 bxc6 12. Bxd4 exd4 13. Qxd4 Nd5 14. Qd3 Nb4
15. Qd2 Qf6 16. Qg5 Qxg5 17. Nxg5 Nd3 18. Bf3 Bxf3 19. Nxf3 Nxb2 20. Rac1 Nxc4
21. Rfd1 Rfd8 22. Ne2 Nb2 23. Rd2 c5 24. Nf4 Na4 25. Nd5 Bh6 26. Ne3 Nb6 27.
Rcd1 Bxe3 28. fxe3 Nc4 29. Re2 Re8 30. Nd2 Nxd2 31. Rexd2 Rxe4 32. Rxd6 Rxe3
33. Ra6 Re2 34. Rc1 Rb8 35. Rxa7 Rbb2 36. a4 Rg2+ 37. Kf1 Rxh2 38. Kg1 Rhg2+
39. Kh1 Rxg3 40. Rxc5 Ra3 41. Rc1 Rba2 42. Rf1 Rxa4 43. Raxf7 Rh4+ 44. Kg1 Rg4+
45. Kh1 Ra5 46. R7f2 Kg7 47. Rh2 h5 48. Rb1 Ra3 49. Rb7+ Kh6 50. Rb5 Ra1+ 0-1

[Event "Niedersachsen-ch B"]
[Site "Verden"]
[Date "2010.01.03"]
[Round "1.33"]
[White "Kickert, Germaine Helene"]
[Black "Weczerek, Dieter"]
[Result "1-0"]
[WhiteElo "1972"]
[BlackElo "1786"]
[PlyCount "81"]
[EventDate "2010.01.??"]
[EventType "swiss"]
[EventRounds "7"]
[EventCountry "GER"]
[SourceDate "2005.10.24"]

1. e4 e6 2. d4 d5 3. Nd2 dxe4 4. Nxe4 Nd7 5. Nf3 Ngf6 6. Bd3 Nxe4 7. Bxe4 Nf6
8. Bd3 c5 9. O-O cxd4 10. Nxd4 Be7 11. Bf4 a6 12. c3 O-O 13. Qb3 Bd6 14. Bxd6
Qxd6 15. Rad1 Qc7 16. Rfe1 e5 17. Nf3 Bg4 18. Be2 e4 19. Nd4 Rfe8 20. h3 Bxe2
21. Rxe2 b5 22. a4 bxa4 23. Qxa4 Red8 24. Rde1 g6 25. Nb3 Qb6 26. Nd2 Qxb2 27.
Qc6 Rac8 28. Qxf6 Rxd2 29. Rxe4 Rdd8 30. Re7 Rf8 31. R1e3 Qb1+ 32. Kh2 Qb5 33.
h4 Rce8 34. R3e5 Qb8 35. g3 Qd8 36. h5 h6 37. hxg6 Rxe7 38. Rxe7 Qd5 39. Re5
Qd8 40. gxf7+ Kh7 41. Qxd8 1-0

[Event "Niedersachsen-ch B"]
[Site "Verden"]
[Date "2010.01.03"]
[Round "1.34"]
[White "Franke, Klaus"]
[Black "Finke, Harald"]
[Result "1/2-1/2"]
[WhiteElo "1946"]
[BlackElo "2011"]
[PlyCount "38"]
[EventDate "2010.01.??"]
[EventType "swiss"]
[EventRounds "7"]
[EventCountry "GER"]
[SourceDate "2005.10.24"]

1. d4 Nf6 2. Nd2 d5 3. e3 Bf5 4. c4 c6 5. Qb3 Qc7 6. f4 e6 7. Ngf3 Nbd7 8. Ne5
Nxe5 9. fxe5 Ne4 10. Be2 Be7 11. O-O O-O 12. Nxe4 Bxe4 13. Bd2 Rac8 14. Bd3
Bxd3 15. Qxd3 f5 16. exf6 Rxf6 17. e4 Rxf1+ 18. Rxf1 Rf8 19. Rxf8+ Bxf8 1/2-1/2

[Event "Niedersachsen-ch B"]
[Site "Verden"]
[Date "2010.01.03"]
[Round "1.35"]
[White "Jacobi, Felix Hagen"]
[Black "Kessens, Felix Magnus"]
[Result "1-0"]
[WhiteElo "1901"]
[BlackElo "1782"]
[PlyCount "107"]
[EventDate "2010.01.??"]
[EventType "swiss"]
[EventRounds "7"]
[EventCountry "GER"]
[SourceDate "2005.10.24"]

1. e4 e6 2. d4 d5 3. exd5 exd5 4. Bd3 Nf6 5. Bf4 Bd6 6. Bxd6 Qxd6 7. Nf3 Qb4+
8. Nbd2 Qxb2 9. Qe2+ Kf8 10. O-O Nc6 11. Rfe1 Qa3 12. c4 Be6 13. c5 h6 14. Nb3
Nb4 15. Ne5 Re8 16. Qf3 Nxd3 17. Nxd3 Qa4 18. Re3 Bg4 19. Rxe8+ Qxe8 20. Qg3 c6
21. Re1 Be6 22. Qd6+ Kg8 23. Nf4 Ne4 24. Qc7 Kh7 25. Qxb7 a5 26. Nxa5 Qa8 27.
Qxa8 Rxa8 28. Nxc6 Rxa2 29. f3 Nc3 30. Nxe6 fxe6 31. Kf1 Ra6 32. Nd8 Nb5 33.
Nxe6 Kg6 34. Rb1 Nc3 35. Rb6 Ra1+ 36. Kf2 Kf7 37. Nf4 g5 38. Nd3 h5 39. Rd6 h4
40. c6 Ra2+ 41. Ke1 Nb5 42. Rxd5 Ra1+ 43. Kd2 Ra2+ 44. Kc1 Nc3 45. c7 Ne2+ 46.
Kd1 Nc3+ 47. Ke1 Ra1+ 48. Kd2 Nxd5 49. Ne5+ Ke7 50. c8=Q Ra2+ 51. Kd3 Ra3+ 52.
Ke4 Nf6+ 53. Kf5 Ne8 54. Qd7+ 1-0

[Event "Niedersachsen-ch B"]
[Site "Verden"]
[Date "2010.01.03"]
[Round "1.36"]
[White "Palmer, Harald"]
[Black "Vogel, Christopher"]
[Result "0-1"]
[WhiteElo "1878"]
[BlackElo "1994"]
[PlyCount "100"]
[EventDate "2010.01.??"]
[EventType "swiss"]
[EventRounds "7"]
[EventCountry "GER"]
[SourceDate "2005.10.24"]

1. e4 c5 2. Nf3 e6 3. d4 cxd4 4. Nxd4 Nc6 5. Be2 Qc7 6. Nc3 a6 7. O-O Nf6 8.
Be3 Bb4 9. f3 Bxc3 10. bxc3 Ne5 11. Qd2 Nc4 12. Bxc4 Qxc4 13. a4 O-O 14. Ne2 d6
15. Ng3 Bd7 16. Bg5 Rfc8 17. Bxf6 gxf6 18. h4 Qc5+ 19. Kh2 Kg7 20. Rfd1 b5 21.
Qf4 Qe5 22. Qg4+ Kf8 23. f4 Qxc3 24. f5 Qe5 25. fxe6 Bxe6 26. Qh5 b4 27. Rab1
a5 28. Rd3 Rxc2 29. Rbd1 Rd8 30. Kh1 Qxh5 31. Nxh5 Ke7 32. Nf4 Ra2 33. Nd5+
Bxd5 34. exd5 Kd7 35. Rf3 Rxa4 36. Rxf6 Rf8 37. Rc1 Ke7 38. Rh6 Rd8 39. Re1+
Kd7 40. Rxh7 Rf8 41. h5 b3 42. Rb1 Rb4 43. g4 a4 44. g5 Rh4+ 45. Kg2 Rg4+ 46.
Kf3 Rxg5 47. Ke4 Ke7 48. Kd4 Rg4+ 49. Kc3 Rc8+ 50. Kb2 Rc2+ 0-1

[Event "Niedersachsen-ch B"]
[Site "Verden"]
[Date "2010.01.03"]
[Round "1.37"]
[White "Koop, Thorben"]
[Black "Oehne, Ingo"]
[Result "1/2-1/2"]
[WhiteElo "1740"]
[BlackElo "1900"]
[PlyCount "69"]
[EventDate "2010.01.??"]
[EventType "swiss"]
[EventRounds "7"]
[EventCountry "GER"]
[SourceDate "2005.10.24"]

1. e4 c6 2. c4 d5 3. exd5 cxd5 4. d4 Nc6 5. Nf3 Nf6 6. Nc3 e6 7. Bd3 Be7 8. O-O
O-O 9. Bg5 dxc4 10. Bxc4 a6 11. Bb3 Nb4 {(=)} 12. a3 Nbd5 13. Qd3 Ne8 14. Bc2
g6 15. Bh6 Ng7 16. Ne4 Bd7 17. Qd2 Rc8 18. h4 Re8 19. Rac1 Nf6 20. Ne5 Nf5 21.
Bg5 Nd5 22. Bxe7 Qxe7 23. Bb3 Kg7 24. h5 f6 25. Nxd7 Qxd7 26. g4 Nd6 27. h6+
Kf7 28. Nc5 Qd8 29. Rfe1 f5 30. gxf5 Nxf5 31. Re5 Qh4 32. Bxd5 exd5 33. Rxd5
Qg4+ 34. Kf1 Qh3+ 35. Kg1 1/2-1/2

[Event "Niedersachsen-ch B"]
[Site "Verden"]
[Date "2010.01.03"]
[Round "1.38"]
[White "Neumair, Cedric"]
[Black "Hurink, Maarten"]
[Result "1-0"]
[WhiteElo "1842"]
[BlackElo "1846"]
[PlyCount "65"]
[EventDate "2010.01.??"]
[EventType "swiss"]
[EventRounds "7"]
[EventCountry "GER"]
[SourceDate "2005.10.24"]

1. d4 d5 2. c4 c6 3. Nf3 Nf6 4. Nc3 a6 5. cxd5 cxd5 6. Bg5 Bf5 7. Qb3 e6 8.
Qxb7 Nbd7 9. Ne5 Rb8 10. Qxa6 Rxb2 11. e4 Bb4 12. Rc1 Bxc3+ 13. Rxc3 Rb1+ 14.
Bc1 Bxe4 15. Rc8 Rxc1+ 16. Rxc1 O-O 17. f3 Bf5 18. Nc6 Qe8 19. Bb5 Nb8 20. Nxb8
Qxb8 21. O-O Qf4 22. Rfd1 h5 23. a4 h4 24. Bf1 h3 25. a5 g5 26. Qe2 hxg2 27.
Bxg2 Kg7 28. Qe5 Qh4 29. a6 Kg6 30. a7 Nh5 31. Qb8 Bh3 32. Qxf8 Bxg2 33. a8=Q
1-0

[Event "Niedersachsen-ch B"]
[Site "Verden"]
[Date "2010.01.03"]
[Round "1.39"]
[White "Wierum, Colin"]
[Black "Guede, Klaus"]
[Result "1/2-1/2"]
[WhiteElo "1934"]
[BlackElo "1764"]
[PlyCount "135"]
[EventDate "2010.01.??"]
[EventType "swiss"]
[EventRounds "7"]
[EventCountry "GER"]
[SourceDate "2005.10.24"]

1. e4 Nf6 2. Nc3 d5 3. e5 Ne4 4. f4 Nxc3 5. dxc3 Bf5 6. Nf3 e6 7. Bd3 Bxd3 8.
Qxd3 Qd7 9. Be3 Be7 10. O-O-O Na6 11. g4 Nc5 12. Qe2 Ne4 13. Nd2 Nxd2 14. Rxd2
Qa4 15. Kb1 c6 16. h4 Qb5 17. Qxb5 cxb5 18. f5 b6 19. g5 O-O-O 20. f6 Bf8 21.
h5 gxf6 22. exf6 Bd6 23. Rg2 Rdg8 24. Kc1 Kd7 25. Kd2 Be5 26. Kd3 Kd6 27. Bd4
Bf4 28. Rhg1 e5 29. Be3 e4+ 30. Ke2 Be5 31. Rd1 Ke6 32. Bd4 Bf4 33. Rdg1 Be5
34. Ke3 Bd6 35. g6 hxg6 36. hxg6 Rh3+ 37. Ke2 fxg6 38. Rxg6 Rxg6 39. Rxg6 Rg3
40. Rh6 Bf8 41. Rh8 Kf7 42. Rh7+ Kg6 43. Rxa7 Rg2+ 44. Kd1 Bh6 45. Rb7 Rd2+ 46.
Ke1 Rxc2 47. Rxb6 Bg5 48. Rxb5 e3 49. Rxd5 Bh4+ 50. Kd1 Rd2+ 51. Kc1 e2 52.
Kxd2 e1=Q+ 53. Kd3 Qb1+ 54. Kc4 Qxa2+ 55. b3 Qe2+ 56. Kb4 Qa6 57. Rb5 Qd6+ 58.
Bc5 Qf4+ 59. Bd4 Bf2 60. Rd5 Bxd4 61. Rxd4 Qxf6 62. Rc4 Qb6+ 63. Ka4 Kf6 64. b4
Qa6+ 65. Kb3 Ke5 66. Rd4 Qe6+ 67. Kb2 Qc6 68. Kb3 1/2-1/2

[Event "Niedersachsen-ch B"]
[Site "Verden"]
[Date "2010.01.03"]
[Round "1.40"]
[White "Sturm, Timo"]
[Black "Kuegel, Tobias"]
[Result "1/2-1/2"]
[WhiteElo "1865"]
[BlackElo "1921"]
[PlyCount "78"]
[EventDate "2010.01.??"]
[EventType "swiss"]
[EventRounds "7"]
[EventCountry "GER"]
[SourceDate "2005.10.24"]

1. e4 Nf6 2. e5 Nd5 3. c4 Nb6 4. c5 Nd5 5. Nc3 Nxc3 6. bxc3 d6 7. cxd6 exd6 8.
exd6 Bxd6 9. Bc4 O-O 10. Ne2 Bf5 11. Qb3 Nc6 12. Qxb7 Ne5 13. Qa6 Bc8 14. Qa4
a6 15. Qb3 Bd7 16. a4 Qg5 17. Ng3 Nxc4 18. Qxc4 Rfe8+ 19. Kf1 Qe7 20. Qe2 Bxg3
21. Qxe7 Rxe7 22. hxg3 Bf5 23. Rh4 Bd3+ 24. Kg1 Re1+ 25. Kh2 c5 26. Bb2 Rxa1
27. Bxa1 g5 28. Rh6 Bg6 29. g4 Rd8 30. d4 cxd4 31. cxd4 Rd5 32. Bc3 Kg7 33. Rh3
a5 34. Re3 Bc2 35. Re5 Rxe5 36. dxe5 Bxa4 37. Bxa5 Kg6 38. Bd8 h5 39. gxh5+
Kxh5 1/2-1/2

[Event "Niedersachsen-ch B"]
[Site "Verden"]
[Date "2010.01.03"]
[Round "1.41"]
[White "Schwenteck, Peter"]
[Black "Schreiber, Justina"]
[Result "1/2-1/2"]
[WhiteElo "1759"]
[BlackElo "1404"]
[PlyCount "60"]
[EventDate "2010.01.??"]
[EventType "swiss"]
[EventRounds "7"]
[EventCountry "GER"]
[SourceDate "2005.10.24"]

1. d4 d5 2. Nf3 Nf6 3. e3 Bf5 4. c4 c6 5. Nc3 e6 6. Be2 Qc7 7. Bd2 Nbd7 8. cxd5
exd5 9. Rc1 a6 10. h3 h6 11. O-O Rc8 12. Ne1 Nb6 13. Qb3 Be7 14. Na4 Nxa4 15.
Qxa4 O-O 16. Bf3 Qd7 17. Qd1 Bd6 18. g4 Be4 19. Bc3 Bxf3 20. Nxf3 Nxg4 21. Ne5
Nxe5 22. dxe5 Bc7 23. Qg4 Qxg4+ 24. hxg4 Rce8 25. Bb4 Bxe5 26. Bxf8 Kxf8 27.
Rc2 Re6 28. Kg2 g5 29. b4 Bd6 30. a3 Ke7 1/2-1/2

[Event "Niedersachsen-ch B"]
[Site "Verden"]
[Date "2010.01.03"]
[Round "1.42"]
[White "Marach, Jonas"]
[Black "Merettig, Georg"]
[Result "0-1"]
[WhiteElo "1400"]
[BlackElo "1958"]
[PlyCount "94"]
[EventDate "2010.01.??"]
[EventType "swiss"]
[EventRounds "7"]
[EventCountry "GER"]
[SourceDate "2005.10.24"]

1. e4 Nc6 2. Nf3 b6 3. d4 e6 4. Nc3 Bb7 5. Bc4 Nge7 6. O-O Ng6 7. e5 Nce7 8.
Bg5 h6 9. Bh4 Nxh4 10. Nxh4 Nd5 11. Bxd5 exd5 12. Nf3 Be7 13. Qe2 O-O 14. a3 a5
15. Rfe1 c5 16. Nb5 Ba6 17. a4 d6 18. Qe3 dxe5 19. Qxe5 Bf6 20. Qc7 Bxb5 21.
Qxd8 Rfxd8 22. axb5 cxd4 23. b3 d3 24. Rac1 Bc3 25. Rf1 dxc2 26. Rxc2 Bb4 27.
Rc6 Bc5 28. Rd1 d4 29. Rd3 a4 30. b4 a3 31. Rd1 a2 32. Ra1 Bxb4 33. Rc2 d3 34.
Rcxa2 Rxa2 35. Rxa2 d2 36. Nxd2 Rxd2 37. Rxd2 Bxd2 38. Kf1 f5 39. Ke2 Bb4 40.
f4 Kf7 41. Kd3 Ke6 42. Kc4 Bd6 43. g3 g5 44. h3 gxf4 45. g4 f3 46. gxf5+ Kxf5
47. Kd5 f2 0-1

[Event "Niedersachsen-ch B"]
[Site "Verden"]
[Date "2010.01.03"]
[Round "1.43"]
[White "Munk, Leonhard"]
[Black "Menze, Gerold"]
[Result "1-0"]
[WhiteElo "1751"]
[BlackElo "1400"]
[PlyCount "53"]
[EventDate "2010.01.??"]
[EventType "swiss"]
[EventRounds "7"]
[EventCountry "GER"]
[SourceDate "2005.10.24"]

1. d4 d5 2. c4 e5 3. e3 Bb4+ 4. Bd2 exd4 5. Bxb4 dxe3 6. Nf3 exf2+ 7. Kxf2 c6
8. cxd5 Qb6+ 9. Qd4 Qxd4+ 10. Nxd4 cxd5 11. Bb5+ Bd7 12. Re1+ Kd8 13. Nc3 Nf6
14. Be7+ Kc7 15. Bxf6 gxf6 16. Nxd5+ Kd6 17. Nxf6 Bxb5 18. Nxb5+ Kc6 19. a4 Na6
20. Rac1+ Kb6 21. Nd5+ Ka5 22. b3 Nb4 23. Nxb4 Kxb4 24. Re4+ Kxb3 25. Rc3+ Kb2
26. Re2+ Kb1 27. Na3+ 1-0

[Event "Niedersachsen-ch B"]
[Site "Verden"]
[Date "2010.01.03"]
[Round "1.44"]
[White "Aldegeerds, Julian"]
[Black "Grigorian, Spartak"]
[Result "1/2-1/2"]
[WhiteElo "1378"]
[BlackElo "1762"]
[PlyCount "113"]
[EventDate "2010.01.??"]
[EventType "swiss"]
[EventRounds "7"]
[EventCountry "GER"]
[SourceDate "2005.10.24"]

1. e4 c5 2. Nc3 Nc6 3. f4 g6 4. Nf3 Bg7 5. Bc4 e6 6. O-O Nge7 7. d3 a6 8. a4 d5
9. Bb3 O-O 10. Qe1 Nd4 11. Qh4 Nxb3 12. cxb3 Nc6 13. Qh3 Nd4 14. f5 Nxf3+ 15.
Rxf3 exf5 16. exf5 Bxf5 17. Rxf5 gxf5 18. Qxf5 Re8 19. Bg5 Qd6 20. Rf1 Qe6 21.
Qf3 Qg6 22. h4 h6 23. Bd2 Re5 24. Nxd5 Rd8 25. Nf4 Qd6 26. Bc3 Rde8 27. Nh5 Qg6
28. Nxg7 Qxg7 29. Qxb7 R5e7 30. Qxe7 Rxe7 31. Bxg7 Kxg7 32. Kf2 Rb7 33. Rc1
Rxb3 34. Rxc5 Rxb2+ 35. Kg3 Rb3 36. Rd5 Ra3 37. a5 f6 38. Kg4 Ra2 39. g3 Kf7
40. d4 Ra4 41. Kf5 Ke7 42. g4 Rb4 43. Kg6 Ke6 44. Rf5 Rxd4 45. Rxf6+ Ke7 46. g5
Rxh4 47. Rxa6 hxg5 48. Kxg5 Ra4 49. Kf5 Kd7 50. Ke5 Kc7 51. Ke6 Kb7 52. Rd6
Rxa5 {Was kommt denn jetzt noch?} 53. Rd7+ Kc8 54. Rd1 Kc7 55. Rc1+ Kb6 56. Kd6
Ra2 57. Rb1+ {Ab hier nicht mehr nachvollziehbar. Warum auch?? 66 Zuege.}
1/2-1/2

[Event "Niedersachsen-ch B"]
[Site "Verden"]
[Date "2010.01.03"]
[Round "1.45"]
[White "Albrecht, Carsten"]
[Black "Weis, Hans Juergen"]
[Result "1-0"]
[WhiteElo "1948"]
[BlackElo "1371"]
[PlyCount "119"]
[EventDate "2010.01.??"]
[EventType "swiss"]
[EventRounds "7"]
[EventCountry "GER"]
[SourceDate "2005.10.24"]

1. d4 d5 2. Nf3 e6 3. e3 Bd6 4. Bd3 Nf6 5. Nbd2 Nc6 6. e4 e5 7. dxe5 Nxe5 8.
Nxe5 Bxe5 9. exd5 Qxd5 10. Qf3 Qxf3 {(=)} 11. Nxf3 Bd6 12. O-O O-O 13. Bg5 Nd7
14. Rfe1 f6 15. Bh4 Ne5 16. Nxe5 Bxe5 17. Bc4+ Kh8 18. c3 Bd7 19. Bd5 c6 20.
Bb3 b5 21. Bg3 Rae8 22. Bxe5 fxe5 23. Re3 Bf5 24. Rae1 e4 25. Bc2 a5 26. Bxe4
Rxe4 27. Rxe4 Bxe4 28. Rxe4 a4 29. Kf1 Kg8 30. Ke2 Rf6 31. f3 h6 32. Kd3 c5 33.
Re5 Rd6+ 34. Kc2 Rc6 35. a3 Kf7 36. h4 Kf6 37. Re4 Rd6 {(=)} 38. b3 axb3+ 39.
Kxb3 Rb6 40. g4 g5 41. hxg5+ hxg5 42. Re8 Ra6 43. Rf8+ Kg6 44. Rf5 c4+ 45. Kb4
Ra4+ 46. Kxb5 Rxa3 47. Kxc4 Ra6 48. Kb5 Ra1 49. c4 Rb1+ 50. Kc6 Rc1 51. c5 Rc3
52. Kb6 Rb3+ 53. Kc7 Rc3 54. c6 Rc4 55. Kb7 Rb4+ 56. Kc8 Rc4 57. c7 Rc3 58. Kb7
Rb3+ 59. Kc6 Rc3+ 60. Rc5 1-0

[Event "Niedersachsen-ch B"]
[Site "Verden"]
[Date "2010.01.03"]
[Round "1.46"]
[White "Kaphle, Kerstin"]
[Black "Hanemann, Henno"]
[Result "0-1"]
[WhiteElo "1362"]
[BlackElo "1838"]
[PlyCount "30"]
[EventDate "2010.01.??"]
[EventType "swiss"]
[EventRounds "7"]
[EventCountry "GER"]
[SourceDate "2005.10.24"]

1. e4 e5 2. Nf3 Nc6 3. Bc4 Bc5 4. O-O Nf6 5. Nc3 O-O 6. a3 d6 7. Ba2 Bg4 8. d3
Nd4 9. b4 Bb6 10. h3 Nxf3+ 11. gxf3 Bxh3 12. Re1 Bd4 13. Bb2 Nd5 14. exd5 Qg5+
15. Kh2 Qg2# 0-1

[Event "Niedersachsen-ch B"]
[Site "Verden"]
[Date "2010.01.03"]
[Round "1.47"]
[White "Roehl, Bernd"]
[Black "Wagner, Dario"]
[Result "1-0"]
[WhiteElo "1718"]
[BlackElo "1328"]
[PlyCount "111"]
[EventDate "2010.01.??"]
[EventType "swiss"]
[EventRounds "7"]
[EventCountry "GER"]
[SourceDate "2005.10.24"]

1. d4 d5 2. c4 e6 3. Nc3 f5 4. cxd5 exd5 5. Nf3 c6 6. Ne5 Bd6 7. g3 Nf6 8. Bg2
O-O 9. O-O Nbd7 10. f4 Ne4 11. Nxe4 fxe4 12. Qb3 Kh8 13. Bd2 Nxe5 14. fxe5
Rxf1+ 15. Rxf1 Be7 16. Bb4 Be6 17. Qa3 Bxb4 18. Qxb4 Rb8 19. Qc5 Ra8 {(=)} 20.
h4 Bg4 21. Rf4 Be6 (21... Bxe2 22. e6 $18) 22. b4 Qe8 23. Kh2 Qc8 24. Qe7 Qb8
25. h5 Qe8 26. Qxe8+ Rxe8 27. Bh3 Bxh3 28. Kxh3 g6 29. h6 Kg8 30. Kh4 Rf8 31.
Kg5 Rxf4 32. gxf4 Kf7 33. f5 gxf5 34. Kxf5 Ke7 35. e6 b6 36. Ke5 a6 37. a4 b5
38. a5 c5 39. dxc5 d4 40. Kxd4 Kxe6 41. Kxe4 Kd7 42. Ke5 Kc6 43. e4 Kd7 44. Kf6
Ke8 45. Kg7 Ke7 46. Kxh7 Kf7 47. c6 Ke7 48. Kg8 Kd6 49. h7 Kxc6 50. h8=Q Kd6
51. Qd4+ Kc6 52. e5 Kc7 53. e6 Kc6 54. e7 Kc7 55. e8=Q Kb7 56. Qdd7# 1-0

[Event "Niedersachsen-ch B"]
[Site "Verden"]
[Date "2010.01.03"]
[Round "1.48"]
[White "Brandt, Volker"]
[Black "Fischer, Manfred3 (1934)"]
[Result "1/2-1/2"]
[WhiteElo "1322"]
[BlackElo "1946"]
[PlyCount "101"]
[EventDate "2010.01.??"]
[EventType "swiss"]
[EventRounds "7"]
[EventCountry "GER"]
[SourceDate "2005.10.24"]

1. d3 d5 2. h3 e5 3. g4 f5 4. g5 Be7 5. a3 Bxg5 6. Bxg5 Qxg5 7. Nf3 Qe7 8. Nc3
Nf6 9. e3 c5 10. Qe2 Nc6 11. O-O-O Bd7 12. Bg2 O-O-O 13. Rhe1 Rhe8 14. Qd2 h6
15. d4 cxd4 16. exd4 Ne4 17. Nxe4 dxe4 18. Nxe5 Nxe5 19. dxe5 Bc6 20. Qe3 Rxd1+
21. Rxd1 Qg5 22. Qxg5 hxg5 23. Rg1 Rxe5 24. Bf1 f4 25. h4 Bd7 26. Rxg5 Rxg5 27.
hxg5 {(=)} Kd8 28. Kd2 Ke7 29. Kc3 Bc6 30. Kd4 Kf7 31. Ke5 f3 32. Kf4 Ke6 33.
c4 a6 34. Bh3+ Kd6 35. b4 b5 36. c5+ Kd5 37. Bc8 Kc4 38. Be6+ Kd3 39. Bf5 Ke2
40. Bxe4 Bxe4 41. Kxe4 Kxf2 42. c6 Kg3 43. c7 f2 44. c8=Q f1=Q 45. Qc7+ Kg4 46.
Qd7+ Kxg5 47. Qxg7+ Kh5 48. Qe5+ Kg6 49. Qe6+ Kg7 50. Qg4+ Kf6 51. Qh4+ 1/2-1/2

[Event "Niedersachsen-ch B"]
[Site "Verden"]
[Date "2010.01.03"]
[Round "1.49"]
[White "Kramer, Norbert"]
[Black "Gawollek, Hans"]
[Result "1-0"]
[WhiteElo "1801"]
[BlackElo "1468"]
[PlyCount "57"]
[EventDate "2010.01.??"]
[EventType "swiss"]
[EventRounds "7"]
[EventCountry "GER"]
[SourceDate "2005.10.24"]

1. e4 e5 2. Nf3 d6 3. d4 exd4 4. Qxd4 Nf6 5. Nc3 Nc6 6. Bb5 Bd7 7. Bxc6 Bxc6 8.
Nd5 Bxd5 9. exd5 h6 10. O-O Be7 11. Re1 O-O 12. b3 Ne8 13. c3 Bf6 14. Qd3 c5
15. Re4 Qd7 16. Bd2 Nc7 17. Rae1 Rae8 18. c4 Rxe4 19. Rxe4 Qf5 20. Qe2 Qd7 21.
Bf4 Re8 22. h3 Re7 23. Nd2 Qe8 24. Bxd6 Rxe4 25. Qxe4 Bc3 26. Qxe8+ Nxe8 27.
Ne4 Nxd6 28. Nxd6 b6 29. Nb5 1-0

[Event "Niedersachsen-ch B"]
[Site "Verden"]
[Date "2010.01.03"]
[Round "1.50"]
[White "Worpenberg, Lukas"]
[Black "Reinkemeier, Fabian"]
[Result "0-1"]
[WhiteElo "1306"]
[BlackElo "1656"]
[PlyCount "40"]
[EventDate "2010.01.??"]
[EventType "swiss"]
[EventRounds "7"]
[EventCountry "GER"]
[SourceDate "2005.10.24"]

1. d4 g6 2. c4 Bg7 3. Nc3 d6 4. Nf3 c6 5. Bg5 Qc7 6. e3 Bg4 7. Bd3 Nd7 8. h3
Bxf3 9. Qxf3 e5 10. O-O f5 11. dxe5 dxe5 12. Bc2 e4 13. Qe2 Be5 14. Rfd1 h6 15.
Bh4 g5 16. Qh5+ Ke7 17. Bxg5+ hxg5 18. Qxg5+ Ke6 19. f3 Ne7 20. Bb3 Nc5 0-1

[Event "Niedersachsen-ch B"]
[Site "Verden"]
[Date "2010.01.03"]
[Round "1.51"]
[White "Rethmann, Kristin"]
[Black "Oberbacher, Michael"]
[Result "1-0"]
[WhiteElo "1784"]
[BlackElo "1299"]
[PlyCount "97"]
[EventDate "2010.01.??"]
[EventType "swiss"]
[EventRounds "7"]
[EventCountry "GER"]
[SourceDate "2005.10.24"]

1. e4 e5 2. Bc4 Nf6 3. d3 d6 4. Nf3 Bg4 5. O-O Be7 6. c3 O-O 7. Nbd2 Nc6 8. Re1
a6 9. Nf1 Na5 10. Bb3 Nxb3 11. axb3 a5 12. c4 c5 13. Bg5 Nh5 14. Bd2 b6 {(=)}
15. h3 Bxf3 16. Qxf3 Nf6 17. Ng3 Re8 18. Nf5 Bf8 19. Qg3 Nh5 20. Nh6+ Kh8 21.
Nxf7+ Kg8 22. Qg5 Qxg5 23. Nxg5 h6 24. Nf3 Be7 25. Rf1 Rf8 26. Be3 Nf4 27. Bxf4
Rxf4 28. Ne1 Bg5 29. Nc2 Raf8 30. Rae1 R4f7 31. Na3 Ra8 32. Nb5 Rd8 33. Re2 Bf6
34. Nc3 Rdf8 35. Nd5 Bd8 36. f3 g6 37. Kh2 g5 38. Ref2 Kg7 39. g3 Kh7 {(=)} 40.
Kg2 h5 41. Ne3 Be7 42. Nf5 Rxf5 43. exf5 Rxf5 44. f4 gxf4 45. gxf4 Bh4 46. Rf3
exf4 47. Rxf4 Rg5+ 48. Kh1 Rg3 49. Rxh4 1-0

[Event "Niedersachsen-ch B"]
[Site "Verden"]
[Date "2010.01.03"]
[Round "1.52"]
[White "Sieber, Fiona"]
[Black "Suendorf, Dominik"]
[Result "0-1"]
[WhiteElo "1285"]
[BlackElo "1752"]
[PlyCount "104"]
[EventDate "2010.01.??"]
[EventType "swiss"]
[EventRounds "7"]
[EventCountry "GER"]
[SourceDate "2005.10.24"]

1. c4 c5 2. Nc3 g6 3. g3 Bg7 4. Bg2 e6 5. d3 Ne7 6. Nf3 O-O 7. O-O d5 8. Bf4
Nbc6 9. Bd2 b6 10. Ne1 Bb7 11. Nc2 Qd7 12. e3 Rfd8 13. Be1 d4 14. exd4 Nxd4 15.
Nxd4 Bxg2 16. Kxg2 Qxd4 17. Rc1 Nc6 18. Rc2 Qxd3 19. Qxd3 Rxd3 20. Bd2 Nd4 21.
Rfc1 Rd8 22. Be1 Nxc2 23. Rxc2 Bh6 24. f4 Bg7 25. Re2 R8d4 26. Ne4 Rxc4 27. Nf2
Rd7 28. Ng4 Rc1 29. b3 Rdd1 30. Bf2 Bd4 31. Ne3 Bxe3 32. Bxe3 Re1 33. Rxe1 Rxe1
34. Kf2 Ra1 35. a4 Rb1 36. Ke2 Rxb3 37. Bc1 Kf8 38. Kd2 Ke7 39. Kc2 Rb4 40. Kc3
Rxa4 41. Kb3 b5 42. Be3 c4+ 43. Kb2 Kd6 44. h3 Kd5 45. h4 b4 46. Bf2 c3+ 47.
Kb3 Ra3+ 48. Kc2 Ra2+ 49. Kb3 Rxf2 50. Kxb4 c2 51. Kc3 c1=Q+ 52. Kd3 Qd2# 0-1

[Event "Niedersachsen-ch B"]
[Site "Verden"]
[Date "2010.01.03"]
[Round "1.53"]
[White "Hentrop, Malte"]
[Black "Tautz, Felix"]
[Result "0-1"]
[WhiteElo "1665"]
[BlackElo "1269"]
[PlyCount "100"]
[EventDate "2010.01.??"]
[EventType "swiss"]
[EventRounds "7"]
[EventCountry "GER"]
[SourceDate "2005.10.24"]

1. d4 d5 2. c4 e6 3. Nc3 Nf6 4. Nf3 Nbd7 5. Bg5 Be7 6. e3 h6 7. Bf4 O-O 8. Bd3
b6 9. Nb5 c6 10. Bc7 Bb4+ 11. Nd2 Qe7 12. Nc3 e5 13. O-O Ne8 14. Bxe5 Nxe5 15.
dxe5 Qxe5 16. Nf3 Qd6 17. cxd5 Bxc3 18. bxc3 Qxd5 19. Qc2 Nf6 20. Rfd1 Qe6 21.
Rd2 Bd7 22. Nd4 Qe5 23. Bf5 Bxf5 24. Qxf5 Qd6 25. Rad1 c5 26. Nb5 Qc6 27. c4
Ne4 28. Rd5 a6 29. Nd6 Nc3 30. R1d3 Nxd5 31. Rxd5 Rad8 32. Qd3 b5 33. cxb5 axb5
34. e4 c4 35. Qd1 c3 36. Nf5 Rxd5 37. exd5 Qc5 38. Qc2 Re8 39. Ne3 b4 40. g3
Rxe3 41. fxe3 Qxe3+ 42. Kf1 Qf3+ 43. Kg1 Qxd5 44. Qe2 b3 45. axb3 Qxb3 46. Qe8+
Kh7 47. Qe4+ g6 48. Qf3 Qb1+ 49. Kg2 Qb2+ 50. Kf1 Kg7 0-1

[Event "Niedersachsen-ch B"]
[Site "Verden"]
[Date "2010.01.03"]
[Round "1.54"]
[White "Gottlieb, Timo"]
[Black "Rose, Shawn"]
[Result "0-1"]
[WhiteElo "1257"]
[BlackElo "1650"]
[PlyCount "74"]
[EventDate "2010.01.??"]
[EventType "swiss"]
[EventRounds "7"]
[EventCountry "GER"]
[SourceDate "2005.10.24"]

1. Nf3 e6 2. d4 d5 3. e3 a6 4. Bd3 c5 5. c4 dxc4 6. Bxc4 b5 7. Bd3 Bb7 8. b3
Nf6 9. Bb2 Nbd7 10. Nbd2 cxd4 11. Bxd4 Bb4 12. O-O O-O 13. Qc2 Rc8 14. Qb2 Re8
15. Rac1 Qe7 16. Rxc8 Rxc8 17. Rc1 Rxc1+ 18. Qxc1 e5 19. Qc7 Bxf3 20. Qc8+ Qe8
21. Qxe8+ Nxe8 22. Nxf3 exd4 23. Nxd4 Ne5 24. Be4 Nd6 25. Bf3 g6 26. Be2 Ne4
27. Nc2 Bd6 28. f4 Nd7 29. Bg4 f5 30. Bf3 Ndf6 31. Bxe4 Nxe4 32. g3 a5 33. Nd4
b4 34. Nc6 Bc7 35. Ne7+ Kf7 36. Nd5 Bd8 37. Kf1 Ke6 0-1